Представление документа в формате MARC21

Поле Инд. ПП Название Значение
Тип записи a
Библиографический уровень m
001 Контрольный номер 738ce7a9-09de-46fc-b920-53853b5e740b
005 Дата корректировки 20201117120434.0
008 Кодируемые данные 090403
040 a Служба первич. каталог. НБ ТвГУ
041 0_ a Код языка текста rus
080 a Индекс УДК 94(38)
084 a Индекс другой классификации/Индекс ББК Т3(0)322.0
090 a Полочн. индекс Т3(0)32
x Авторский знак И90
245 10 a Заглавие Историки античности
b Продолж. заглавия [сборник : в 2 т. : перевод
c Ответственность сост., вступ. ст., с. 5-30, и примеч. М. Томашевской]
n Номер части/ раздела Т. 1
p Название части/ раздела Древняя Греция : [пер. с древнегреч.]
260 0_ a Место издания Москва
b Издательство Правда
c Дата издания 1989
300 a Объем 619, [3] с.
b Иллюстрации/ тип воспроизводства ил.
500 a Примечание В прил.: История Александра Македонского : кн. 3-4 : пер. с латин. / Квинт Курций Руф.
650 04 a Основная рубрика Александр Македонский, о нем
650 04 a Основная рубрика Греция Древняя
x Основная подрубрика История
653 0_ a Ключевые слова Сборники
a Ключевые слова История
a Ключевые слова Древняя Греция
700 1_ a Другие авторы Томашевская Мария Николаевна
e Роль лиц сост.
700 1_ a Другие авторы Руф Квинт Курций
e Роль лиц авт.
852 41 t Порядковый номер экземпляра 1
p Инвентарный номер 606089
852 41 t Порядковый номер экземпляра 1
p Инвентарный номер 606088
930 a Новая/Ретро сборники
952 c Вид литературы К рн
954 a Дата поступления на обработку 20090403
999 a Подразделение 2 ч.з.
a Подразделение 2 кх.